Fetal renal hyperechogenicity in pathological pregnancies.

A relationship was sought between renal hyperechogenicity and the hypoxic state of fetuses. 120 pathological pregnancies were examined between the 28th and 36th week. All of these women exhibited moderately increased levels of hepatic enzymes, 3 of them had a pathological kidney function, and 4 of t...

Teljes leírás

Elmentve itt :
Bibliográfiai részletek
Szerzők: Surányi Andrea
Pál Attila
Streitman Károly
Pintér Sándor
Kovács László
Dokumentumtípus: Cikk
Megjelent: 1997
Sorozat:JOURNAL OF PERINATAL MEDICINE 25 No. 3
Tárgyszavak:
mtmt:2085512
Online Access:http://publicatio.bibl.u-szeged.hu/31701
LEADER 02314nab a2200253 i 4500
001 publ31701
005 20250228130657.0
008 250228s1997 hu o 000 eng d
022 |a 0300-5577 
024 7 |a 2085512  |2 mtmt 
040 |a SZTE Publicatio Repozitórium  |b hun 
041 |a eng 
100 1 |a Surányi Andrea 
245 1 0 |a Fetal renal hyperechogenicity in pathological pregnancies.  |h [elektronikus dokumentum] /  |c  Surányi Andrea 
260 |c 1997 
300 |a 274-279 
490 0 |a JOURNAL OF PERINATAL MEDICINE  |v 25 No. 3 
520 3 |a A relationship was sought between renal hyperechogenicity and the hypoxic state of fetuses. 120 pathological pregnancies were examined between the 28th and 36th week. All of these women exhibited moderately increased levels of hepatic enzymes, 3 of them had a pathological kidney function, and 4 of them displayed hyperuricemia during the examination period. The echogenicity of the fetal kidneys was examined with Hitachi EUB-450 ultrasound equipment with a 3.5 MHz transducer. The kidney (creatinine, urea-N, uric acid, triglyceride, cholsterin) and liver (SGOT, SGPT, GGT, bilirubin) functions and plasma electrolytes (Na, K, Ca, Cl) of the mothers were also examined and blood was collected from the pulsating umbilical artery for determination of the same parameters. After delivery, the physical condition of the neonates was followed and their kidneys were examined with the same ultrasound equipment within the first 5 days. There was a significant correlation between a pathological neonatal clinical outcome and the frequency of fetal and hyperechogenicity (chi-square test with Yates correction, p < 0.01). The results demonstrate that fetuses exhibiting renal hyperechogenicity in pathological pregnancies require particularly careful obstetric control and neonatological consultation. It is important that hyperechogenic cases be admitted to a perinatal intensive care unit. Fetal renal hyperechogenicity is considered to be associated with an enhanced risk of an adverse perinatal outcome. 
650 4 |a Klinikai orvostan 
700 0 1 |a Pál Attila  |e aut 
700 0 1 |a Streitman Károly  |e aut 
700 0 1 |a Pintér Sándor  |e aut 
700 0 1 |a Kovács László  |e aut 
856 4 0 |u http://publicatio.bibl.u-szeged.hu/31701/1/aok_klny_213_97.pdf  |z Dokumentum-elérés